Elecciones y transición democrática en México /
Guardado en:
| 主要作者: | |
|---|---|
| 格式: | Texto |
| 主題: | |
| 標簽: |
添加標簽
沒有標簽, 成為第一個標記此記錄!
|
MARC
| LEADER | 00000 a a2200000 04500 | ||
|---|---|---|---|
| 001 | 7726 | ||
| 003 | |||
| 040 | |||
| 100 | |a Mirón Lince, Rosa María | ||
| 245 | |a Elecciones y transición democrática en México / |c Rosa María Mirón Lince | ||
| 650 | |a DEMOCRACIA | ||
| 650 | |a PARTIDOS POLITICOS | ||
| 650 | |a PARTICIPACION SOCIAL | ||
| 650 | |a MEXICO | ||
| 773 | |g número 12; páginas 7-22 | ||
| 999 | |c 25642 |d 25642 | ||
